El último perro /

Guardado en:
Autor Principal: House, Guillermo
Formato: Libro
Publicado: Buenos Aires : Emecé, 1967
Materias:
Etiquetas: Agregar Etiqueta
Sin Etiquetas, Sea el primero en etiquetar este registro!
LEADER 01156nam a22002895a 4500
001 CEM.cems003309
005 20101202104345.0
008 130507s1967##################000#0#####d
003 CEMS
082 0 4 |a A863.4 
100 1 |a House, Guillermo 
245 1 0 |a El último perro /  |c Guillermo House [seudónimo] 
260 |a Buenos Aires :  |b Emecé,  |c 1967 
300 |a 198 p. 
653 |a Literatura 
653 |a Literatura argentina 
653 |a Novelas 
653 |a Novela argentina-siglo 20 
859 |a CEMS  |b BIB. CEMS - 11 de abril  |h A863.4  |i H816  |p 14076.75  |t Ej.1 
859 |a CEMS  |b BIB. CEMS - 11 de abril  |h A863.4  |i H816  |p 14077.75  |t Ej.2 
859 |a CEMS  |b BIB. CEMS - 11 de abril  |h A863.4  |i H816  |p 14078.75  |t Ej.3 
859 |a CEMS  |b BIB. CEMS - 11 de abril  |h A863.4  |i H816  |p 14079.75  |t Ej.4 
859 |a CEMS  |b BIB. CEMS - 11 de abril  |h A863.4  |i H816  |p 14080.75  |t Ej.5 
859 |a CEMS  |b BIB. CEMS - 11 de abril  |h A863.4  |i H816  |p 14081.75  |t Ej.6 
859 |a CEMS  |b BIB. CEMS - 11 de abril  |h A863.4  |i H816  |p 14082.75  |t Ej.7 
859 |a CEMS  |b BIB. CEMS - 11 de abril  |h A863.4  |i H816  |p 14083.75  |t Ej.8 
859 |a CEMS  |b BIB. CEMS - 11 de abril  |h A863.4  |i H816  |p 14084.75  |t Ej.9